Silicate-sulfate liquid immiscibility a study of inclusions in minerals of the Mushugai-Khuduk carbonatite-bearing complex, Southern Mongolia /
Elmentve itt :
| Szerzők: | |
|---|---|
| Dokumentumtípus: | Cikk |
| Megjelent: |
Department of Mineralogy, Geochemistry and Petrology, University of Szeged
Szeged
2003
|
| Sorozat: | Acta mineralogica-petrographica
2 Acta mineralogica-petrographica : abstract series 2 |
| Kulcsszavak: | Földtan, Kőzettan, Ásványtan |
| Tárgyszavak: | |
| Online Access: | http://acta.bibl.u-szeged.hu/31423 |
| LEADER | 01047nab a2200241 i 4500 | ||
|---|---|---|---|
| 001 | acta31423 | ||
| 005 | 20260212145221.0 | ||
| 008 | 161017s2003 hu o 000 eng d | ||
| 022 | |a 0324-6523, 1589-4835 | ||
| 040 | |a SZTE Egyetemi Kiadványok Repozitórium |b hun | ||
| 041 | |a eng | ||
| 100 | 1 | |a Andreeva I. | |
| 245 | 1 | 0 | |a Silicate-sulfate liquid immiscibility |h [elektronikus dokumentum] : |b a study of inclusions in minerals of the Mushugai-Khuduk carbonatite-bearing complex, Southern Mongolia / |c Andreeva I. |
| 260 | |a Department of Mineralogy, Geochemistry and Petrology, University of Szeged |b Szeged |c 2003 | ||
| 300 | |a 6-7 | ||
| 490 | 0 | |a Acta mineralogica-petrographica |v 2 | |
| 490 | 0 | |a Acta mineralogica-petrographica : abstract series |v 2 | |
| 650 | 4 | |a Természettudományok | |
| 650 | 4 | |a Föld- és kapcsolódó környezettudományok | |
| 695 | |a Földtan, Kőzettan, Ásványtan | ||
| 700 | 0 | 1 | |a Kovalenko V. |e aut |
| 700 | 0 | 1 | |a Naumov V. B. |e aut |
| 856 | 4 | 0 | |u http://acta.bibl.u-szeged.hu/31423/7/mineralogica_as_002_6-7..pdf |z Dokumentum-elérés |